Szczegóły MARC21

Tabele sprawności fizycznej młodzieży w wieku 7-19 lat /

003 -Nazwa inst., której nr kontr. jest w polu 001 [,]
    • @
    • Nazwa instytucji, której n kontrolny jest w polu 001
    • NUKAT
005 -DATA I CZAS OSTATNIEJ MODYFIKACJI [,]
    • @
    • pole kontrolne
    • 20241231115829.0
040 -Instytucja sporządzająca opis [ , ]
    • a
    • Instytucja, która sporządziła opis (NP)
    • KR 122/DP
    • c
    • Instytucja, która sporządziła rekord (NP)
    • KR 122/DP
    • d
    • Instytucja, która zmodyfikowała rekord (P)
    • KR 122/MN
    • d
    • Instytucja, która zmodyfikowała rekord (P)
    • Ł U/AG
041 -Język dokumentu [0, ]
    • a
    • Język tekstu (P)
    • polski
    • b
    • Język streszczeń lub abstraktu (P)
    • angielski
    • b
    • Język streszczeń lub abstraktu (P)
    • rosyjski
942 -Rodzaj dokumentu [ , ]
    • c
    • Rodzaj dokumentu
    • Książka
100 -Hasło główne - nazwa osobowa [1, ]
    • a
    • Nazwa osobowa (NP)
    • Trześniowski, Roman
    • d
    • Daty biograficzne (NP)
    • (1909-2004).
    • 9
    • KHW
    • 16919
245 -Strefa tytułu i oznaczenia odpowiedzialności [1,0]
    • a
    • Tytuł
    • Tabele sprawności fizycznej młodzieży w wieku 7-19 lat / Find
    • c
    • Pozostałe elementy strefy tytułu i oznaczenia odpowiedzialności (NP)
    • Roman Trześniowski, Stefan Pilicz.
260 -Strefa adresu wydawniczego [ , ]
    • a
    • Miejsce wydania (P)
    • Warszawa :
    • b
    • Nazwa wydawcy (P)
    • Wydawnictwo AWF,
    • c
    • Data wydania (P)
    • 1989.
300 -Strefa opisu fizycznego [ , ]
    • a
    • Określenie formy książki i/lub objętość (NP)
    • 125, [2] s. :
    • b
    • Oznaczenie ilustracji (NP)
    • il. ;
    • c
    • Format (NP)
    • 20 cm.
336 -Typ zawartości [ , ]
    • a
    • Termin opisujący typ zawartości
    • Tekst
    • b
    • Kod określający zawartość
    • txt
    • 2
    • Źródło (terminu i kodu)
    • rdacontent
337 -Typ mediów [ , ]
    • a
    • Tryb odtwarzania
    • Bez urządzenia pośredniczącego
    • b
    • Kod typu mediów
    • n
    • 2
    • Źródło (terminu i kodu)
    • rdamedia
338 -Typ/rodzaj nośnika [ , ]
    • a
    • Hasło opisujące typ nośnika
    • Wolumin
    • b
    • Kod typu nośnika
    • nc
    • 2
    • Źródło (terminu i kodu)
    • rdacarrier
490 -Strefa serii i książki wielotomowej - forma nie do wyszukiwania [1, ]
    • a
    • Tytuł (P)
    • Z Warsztatów Badawczych Find
490 -Strefa serii i książki wielotomowej - forma nie do wyszukiwania [1, ]
    • a
    • Tytuł (P)
    • Zdrowie i Kultura Fizyczna Find
830 -Hasło dodatkowe serii i opisu książki wielotomowej - tytuł ujednolicony/tytuł [ ,0]
    • a
    • Tytuł ujednolicony/tytuł (NP)
    • Z Warsztatów Badawczych
    • 9
    • KHW
    • 21622
830 -Hasło dodatkowe serii i opisu książki wielotomowej - tytuł ujednolicony/tytuł [ ,0]
    • a
    • Tytuł ujednolicony/tytuł (NP)
    • Zdrowie i Kultura Fizyczna
    • 9
    • KHW
    • 21623
546 -Uwaga dot. języka [ , ]
    • a
    • Uwaga dot. języka
    • Streszcz. ang., ros.
080 -Uniwersalna Klasyfikacja Dziesiętna [ , ]
    • 2
    • Identyfikator wydania tablic
    • UDC-P058
    • 9
    • UKD
    • 6274
    • a
    • Symbol klasyfikacji
    • 796
    • b
    • Dopowiedzenie
    • Kultura fizyczna. Sport. Gimnastyka.
    • 4
    • UKD2
    • 8878
    • x
    • Poddział wspólny
    • -053.5
    • c
    • Dopowiedzenie poddz. wspólnego
    • -Dzieci w wieku szkolnym (w okresie szkoły podstawowej).
    • 4
    • UKD2
    • 9150
    • x
    • Poddział wspólny
    • -053.6
    • c
    • Dopowiedzenie poddz. wspólnego
    • -Młodzież. Młodociani. Nieletni.
    • 4
    • UKD2
    • 8533
    • x
    • Poddział wspólny
    • (083)
    • c
    • Dopowiedzenie poddz. wspólnego
    • (Zestawienia. Tabele. Wzory. Przepisy).
080 -Uniwersalna Klasyfikacja Dziesiętna [ , ]
    • 2
    • Identyfikator wydania tablic
    • UDC-P058
    • 9
    • UKD
    • 4553
    • a
    • Symbol klasyfikacji
    • 612.6
    • b
    • Dopowiedzenie
    • Fizjologia rozrodu, wzrastania i rozwoju. Starzenie się. Długowieczność.
    • 4
    • UKD2
    • 8878
    • x
    • Poddział wspólny
    • -053.5
    • c
    • Dopowiedzenie poddz. wspólnego
    • -Dzieci w wieku szkolnym (w okresie szkoły podstawowej).
    • 4
    • UKD2
    • 9150
    • x
    • Poddział wspólny
    • -053.6
    • c
    • Dopowiedzenie poddz. wspólnego
    • -Młodzież. Młodociani. Nieletni.
    • 4
    • UKD2
    • 8533
    • x
    • Poddział wspólny
    • (083)
    • c
    • Dopowiedzenie poddz. wspólnego
    • (Zestawienia. Tabele. Wzory. Przepisy).
980 -Symbol UKD [ , ]
    • a
    • UKD
    • 796:612.6]-053.5/.6(083)
700 -Hasło dodatkowe - nazwa osobowa [1, ]
    • a
    • Nazwa osobowa (NP)
    • Pilicz, Stefan Find
    • d
    • Daty biograficzne (NP)
    • (1920-2009).
    • 9
    • KHW
    • 40675
710 -Hasło dodatkowe - nazwa ciała zbiorowego [2, ]
    • a
    • Nazwa ciała zbiorowego lub nazwa geograficzna jako pierwszy element (NP)
    • Akademia Wychowania Fizycznego im. gen. broni Karola Świerczewskiego (Warszawa).
    • 4
    • Kod relacji
    • pbl
    • 9
    • KHW
    • 91424
Status udost. Uwagi nie widoczne w OPAC Lokalizacja Sygnatura Numer inwentarzowy
-3retrokonwersjaBGW.171997W.171997
-3retrokonwersjaBGW.171997W.171998
-3retrokonwersjaBGW.171997W.171999
2retrokonwersjaBGW.171997W.172000
2retrokonwersjaBGW.171997W.172001
2retrokonwersjaBGW.171997W.173688
2retrokonwersjaBGW.171997W.173689
2retrokonwersjaBGW.171997W.173690
2retrokonwersjaBGW.171997W.173691
2retrokonwersjaBGW.171997W.173692
2retrokonwersjaBGW.171997W.173693
2retrokonwersjaBGW.171997W.173694
2retrokonwersjaBGW.171997W.173695
2retrokonwersjaBGW.171997W.173696
2retrokonwersjaBGW.171997W.173697
2retrokonwersjaBGW.171997W.173698
2retrokonwersjaBGW.171997W.173699
2retrokonwersjaBGW.171997W.173700
2retrokonwersjaBGW.171997W.173701
2retrokonwersjaBGW.171997W.173702
2retrokonwersjaBGW.171997W.173703
2retrokonwersjaBGW.171997W.173704
2retrokonwersjaBGW.171997W.173705
2retrokonwersjaBGW.171997W.173706
2retrokonwersjaBGW.171997W.173707
1retrokonwersjaBM WF.3500
1retrokonwersjaBMAntropomotoryka 04WF.3502
-3retrokonwersjaBM WF.3501